LEADER 01006cam0-2200313 --450 001 9910319257203321 005 20191015081239.0 010 $a978-88-6611-687-5 100 $a20190508d2018----kmuy0itay5050 ba 101 0 $aita 102 $aIT 105 $a 001yy 200 1 $a<>tutela dei diritti dei gruppi religiosi nel contesto regionale europeo$fClaudia Morini 210 $aBari$cCacucci$d2018 215 $a208 p.$d24 cm 225 1 $aCollana di studi sull'integrazione europea$v27 320 $aContiene bibl. (pp.179-199) 610 0 $aLiberta religiosa$aTutela$aUnione europea 676 $a342.240852$v21$zita 700 1$aMorini,$bClaudia$0759448 801 0$aIT$bUNINA$gREICAT$2UNIMARC 901 $aBK 912 $a9910319257203321 952 $aI E 363$b2018/833$fFGBC 952 $aCOLLEZ. 2390 (27)$b1515/2019$fFSPBC 959 $aFSPBC 959 $aFGBC 996 $aTutela dei diritti dei gruppi religiosi nel contesto regionale europeo$91535222 997 $aUNINA LEADER 01056nam0 22003131i 450 001 RML0293711 005 20231121125738.0 010 $a8804237511 100 $a20121121d1981 ||||0itac50 ba 101 | $aita 102 $ait 181 1$6z01$ai $bxxxe 182 1$6z01$an 200 1 $a˜Il œcodice Rebecca$fKen Follett$gTraduzione di Patrizia Bonomi 210 $aMilano $cMondadori $d©1981 215 $a359 p.$d20 cm 225 | $aBestsellers$v1 410 0$1001CFI0012751$12001 $aBestsellers$v1 700 1$aFollett$b, Ken$3CFIV000345$0448188 790 1$aStone$b, Zachary$3SBNV029834$zFollett, Ken 790 1$aMyles$b, Simon$3SBNV029835$zFollett, Ken 801 3$aIT$bIT-01$c20121121 850 $aIT-FR0017 899 $aBiblioteca umanistica Giorgio Aprea$bFR0017 $eN 912 $aRML0293711 950 0$aBiblioteca umanistica Giorgio Aprea$d 52MAG 7/876$e 52FLS0000160555 VMB RS $fA $h20220112$i20220112 977 $a 52 996 $aCodice Rebecca$93628503 997 $aUNICAS